000 00684nam a22002057a 4500
003 OSt
005 20250830015708.0
008 250830b |||||||| |||| 00| 0 eng d
020 _a13: 978-0-7817-6521-3.
040 _aDWCL-Admin lib
_cOC
082 _29th ed.
_aCirc. 610.73 T355 2008
100 _aRosdahl, Caroline B.
245 _aTextbook of basic nursing/
_cCaroline B. Rosdah
260 _aPhiladelphia :
_bWolters Kluwer Health/Lippincott Williams & Wilkins,
_cc2008.
300 _axxxiii, 1741 p. :
_bcol. ill. ;
_c 28 cm. + 1 CD-ROM.
504 _aIncludes index.
650 _aNursing-Textbooks.
700 _aKowalski, Mary T.
942 _2ddc
_cBK-CIRC
_e9th ed.
_kCirc.
_n0
999 _c4389
_d4389